| 000 | 00335nam a22001217a 4500 | ||
|---|---|---|---|
| 020 | _a9780070647916 | ||
| 082 |
_222 _a621.381044 |
||
| 100 | _aKothari, D.P. and Nagrath, I. J. | ||
| 245 | _aPower system engineering / | ||
| 260 |
_aNew Delhi, _bTata McGraw Hill, _cc2008. |
||
| 300 |
_axiii, 1074 p. _bill. ; _c23 cm. |
||
| 942 |
_2ddc _cEE _05 |
||
| 999 |
_c1788 _d1788 |
||